Steam explosion treatment of two Malaysian hardwoods (Record no. 48082)
[ view plain ]
| 000 -LEADER | |
|---|---|
| fixed length control field | 00913nam a2200169Ia 4500 |
| 100 ## - MAIN ENTRY--AUTHOR NAME | |
| Personal name | Mansor H |
| 245 #0 - TITLE STATEMENT | |
| Title | Steam explosion treatment of two Malaysian hardwoods |
| 260 ## - PUBLICATION, DISTRIBUTION, ETC. (IMPRINT) | |
| Name of publisher | Journal of Tropical Forest Science |
| Year of publication | 1990 |
| 300 ## - PHYSICAL DESCRIPTION | |
| Number of Pages | 235-242 |
| 520 ## - SUMMARY, ETC. | |
| Summary, etc | Steam explosion under various stem pressures and reaction times was found to enhance the enzymatic susceptibility of Acacia mangium and Hevea brasiliensis(rubberwood) in spite of the presence of lignin. The pretreatment also caused the degradation of hemicellulose and rendered it water-soluble. Depending on the starting material, 9 to 17;water solubles containing mainly hemicellulose with xylose contents up to 97;after acid hydrolysis could be recovered from the exploded material. |
| 650 ## - SUBJECT ADDED ENTRY--TOPICAL TERM | |
| Topical Term | Rubberwood |
| 650 ## - SUBJECT ADDED ENTRY--TOPICAL TERM | |
| Topical Term | Steam explosion |
| 700 ## - ADDED ENTRY--PERSONAL NAME | |
| Personal name | Ishihara M |
| 700 ## - ADDED ENTRY--PERSONAL NAME | |
| Personal name | Sudo K |
| 942 ## - ADDED ENTRY ELEMENTS (KOHA) | |
| Koha item type | Bibliography RLWO |
| Withdrawn status | Lost status | Damaged status | Not for loan | Home library | Current library | Date acquired | Serial Enumeration / chronology | Koha item type |
|---|---|---|---|---|---|---|---|---|
| Bibliography | RRII Library | RRII Library | 31/12/2021 | Volume 2, Issue 3 | Bibliography RLWO |